Helsingin Lentoaseman yleisimmät kohteet - Statistics

Yleistilastot
  • Tätä visaa on pelattu 250 kertaa
  • Keskiarvotulos 7 / 10
Vastaustilastot
Lentoja Viikossa Kohde % Oikein
107 Tukholma Arlanda
97%
33 Oslo Gardenmoen
85%
68 Tallinna
85%
40 Pariisi Charles De Gaulle
80%
63 Kööpenhamina
77%
53 Riika
73%
47 Oulu
67%
34 Amsterdam Schiphol
60%
35 Frankfurt
51%
34 Munchen
46%
Ehtoja vastaavia visoja ei löytynyt
Tulosjakauma
Jokaisen tuloksen saaneiden osuus
Persentiili vastausten määrän mukaan
Tuloshistoriasi
Et ole pelannut tätä visaa